000 01404nam a22003977a 4500
001 BR2023000337
003 BR-BrBNA
005 20230511132023.0
008 230504b bl.||||| |||| 00| 0 por d
040 _aBR-BrBNA
_bpor
041 _apor
072 _aE11 ; B10
090 _aE11 BR2023000337
100 _aSparovek, Gerd
100 _aBarretto, Alberto G. O. Pereira
100 _aMaule, Rodrigo Fernando
100 _aMartins, Sérgio Paganini
110 _aMinistério do Desenvolvimento Agrário, Brasília, DF (Brazil).
_bNúcleo de Estudos Agrários e Desenvolvimento Rural
245 _aAnálise territorial da produção nos assentamentos
260 _aBrasília, DF (Brazil) :
_bMDA/IICA
_c2005
300 _a73 p.
_c21 x 28 cm
490 _aNEAD Debate
_v4
500 _a19 ref.; 31 illus.; 8 tables
520 _aEste ensaio procura responder a essa questao atravès da análise territorial das atividades produtivas nos assentamentos, que sao a essencia de sua existencia (transformar algo improdutivo em algo produtivo).
650 _aPOLÍTICA AGRÁRIA
650 _aREFORMA AGRÁRIA
650 _aTERRA
650 _aASSENTAMENTO
650 _aAGRICULTURA FAMILIAR
650 _aPRODUÇÃO AGRÍCOLA
650 _aPRODUÇÃO ANIMAL
650 _aDESENVOLVIMENTO RURAL
650 _aGEOGRAFIA
909 _a202305
_bFernando Magalhães
942 _cBK
999 _c9031
_d9031